书目信息 |
| 题名: |
学校和课堂中的改革与抗拒
|
|
| 作者: | 玛茜 , 麦奎兰 著 ;白芸 译 | |
| 分册: | ||
| 出版信息: | 上海 华东师范大学出版社 2005 |
|
| 页数: | 300页 | |
| 开本: | 23cm | |
| 丛书名: | 影响力教育理论译丛 | |
| 单 册: | ||
| 中图分类: | G639.712.1 | |
| 科图分类: | ||
| 主题词: | 基础教育--教育改革--研究--美国 | |
| 电子资源: | ||
| ISBN: | 7-5617-4219-3 | |
| 000 | 01686nam0 2200301 450 | |
| 001 | TS2006036430 | |
| 005 | 20061205164320.89 | |
| 010 | @a7-5617-4219-3@dCNY31.00 | |
| 100 | @a20060829d2005 em y0chiy0120 ea | |
| 101 | 1 | @achi@ceng |
| 102 | @aCN@b310000 | |
| 105 | @ay a 000yy | |
| 200 | 1 | @a学校和课堂中的改革与抗拒@AXue Xiao He Ke Tang Zhong De Gai Ge Yu Kang Ju@dReform and Resistance in School and Classrooms An Ethnographic View of the Coalition of Essential Schools@e基础学校联合体的一项人种志考察@EJi Chu Xue Xiao Lian He Ti De Yi Xiang Ren Zhong Zhi Kao Cha@f(美)唐娜·伊·玛茜(Donna E.Muncey), 帕特里克·杰·麦奎兰(Patrick J.McQuillan)著@F(mei)tang na·yi·ma qian(Donna E.Muncey),pa te li ke·jie·mai kui lan(Patrick J.McQuillan)zhu@g白芸等译@zeng |
| 210 | @a上海@c华东师范大学出版社@d2005 | |
| 215 | @a300页@d23cm | |
| 225 | 2 | @a影响力教育理论译丛 |
| 320 | @a有书目: (283-290, 291-297页) | |
| 330 | @a本书作者对美国八所联合体学校的改革路径进行了研究,介绍了各校的课程和教学发展状况、变革的各种动态、校长和教师在变革中的作用、教育变革对学生、教师、学校管理者等产生的影响等。 | |
| 410 | 0 | @12001 @a影响力教育理论译丛 |
| 510 | 1 | @aReform and Resistance in School and Classrooms@eAn Ethnographic View of the Coalition of Essential Schools@zeng |
| 517 | 1 | @a基础学校联合体的一项人种志考察@AJi Chu Xue Xiao Lian He Ti De Yi Xiang Ren Zhong Zhi Kao Cha |
| 606 | 0 | @a基础教育@x教育改革@x研究@y美国 |
| 690 | @aG639.712.1@v4 | |
| 701 | 0 | @a玛茜@AMa Qian@b唐娜@g(Muncey, Donna E.)@4著 |
| 701 | 0 | @a麦奎兰@AMai Kui Lan@b帕特里克@g(McQuillan, Patrick J.)@4著 |
| 702 | 0 | @a白芸@ABai Yun@4译 |
| 801 | 0 | @aCN@b中图数据@c20061205 |
| 905 | @a10447@dG639.712.1@e681 | |
| 学校和课堂中的改革与抗拒=Reform and Resistance in School and Classrooms An Ethnographic View of the Coalition of Essential Schools:基础学校联合体的一项人种志考察/(美)唐娜·伊·玛茜(Donna E.Muncey), 帕特里克·杰·麦奎兰(Patrick J.McQuillan)著/白芸等译.-上海:华东师范大学出版社,2005 |
| 300页;23cm.-(影响力教育理论译丛) |
| ISBN 7-5617-4219-3:CNY31.00 |
| 本书作者对美国八所联合体学校的改革路径进行了研究,介绍了各校的课程和教学发展状况、变革的各种动态、校长和教师在变革中的作用、教育变革对学生、教师、学校管理者等产生的影响等。 |
| ● |
| 相关链接 |
|
|
|
|
正题名:学校和课堂中的改革与抗拒
索取号:G639.712.1/681
 
预约/预借
| 序号 | 登录号 | 条形码 | 馆藏地/架位号 | 状态 | 备注 |
| 1 | 0611539 | 206115390 | 第一样本阅览室/ [索取号:G639.712.1/681] | 在馆 | |
| 2 | 0611540 | 206115407 | 密集书库/ [索取号:G639.712.1/681] | 在馆 | |
| 3 | 0611541 | 206115416 | 第四借阅区/ [索取号:G639.712.1/681] | 在馆 | |
| 4 | 0611542 | 206115425 | 密集书库/ [索取号:G639.712.1/681] | 在馆 | |
| 5 | 0611543 | 206115434 | 密集书库/ [索取号:G639.712.1/681] | 在馆 | |
| 6 | 0611544 | 206115443 | 密集书库/ [索取号:G639.712.1/681] | 在馆 |